Statistiques concernant Les 50 bars d'Angers

Cliquez ici pour prendre le quiz!

Statistiques générales

  • Ce quiz a été pris 315 fois
  • Le résultat moyen est 11 sur 50

Statistiques - réponses

Réponse% Correct
James Joyce
83%
Delirium Café
73%
Joker's pub
69%
Matt Murphy's
61%
La Trinquette
55%
Tonton Foch
55%
Wallaby's Australian Café
54%
Le Maestro
53%
Le Bar du Centre
47%
La Civette
43%
L'Okapi
36%
L'Irlandais
34%
Au Fût et à mesure
31%
Le welcome
31%
Black Peat
29%
Le Falstaff
24%
L'Entrepôt
23%
Ti'bar
23%
Chez Flo
22%
Le Gainzbar
22%
Le Pas Sage
21%
Le Snooker
20%
La Mi-Temps
19%
Kent Pub
18%
La Cour
18%
Le Garage
14%
Le Gatsby Bar
13%
Le Pub du Ralliement
13%
Velenjak
13%
Le Twist
11%
Café Saint Martin
10%
La Chouette
10%
Les BerTHOM
10%
La Grappe d'or
9%
Le Baroque
8%
L'Alambic Electric
7%
La Peniche
7%
Donald's pub
6%
Le Chic
6%
Q de Sac
6%
La Cale
5%
American Fury
4%
La Descente de la marine
4%
Le sun 7
4%
L'alibi
3%
Gupta's
2%
La Belle époque
2%
Le Bazar
2%
Le Gustave
2%
Brasserie du Théâtre
1%

Distribution des résultats

Percentile par nombre de réponses

% des personnes avec chaque résultat

Votre développement - résultats

Vous n’avez pas pris ce quiz